| 000 | 00554nam a2200217Ia 4500 | ||
|---|---|---|---|
| 003 | OSt | ||
| 005 | 20221002054711.0 | ||
| 006 | a|||||r|||| 00| 0 | ||
| 007 | ta | ||
| 008 | 220930b |||||||| |||| 00| 0 eng d | ||
| 024 | _a70035 | ||
| 037 | _cReference Collections | ||
| 040 |
_aCRL _cCRL _beng |
||
| 041 |
_2eng _aeng |
||
| 082 | _aX621.6, K0(RR) | ||
| 245 | 0 | _aBank of west Africa limited | |
| 260 | _c1960 | ||
| 650 |
_aBANKS AND BANKING _9170034 |
||
| 942 |
_hX621.6, K0(RR) _cref _2CC |
||
| 999 |
_c925583 _d925583 |
||